书目信息 |
| 题名: |
医用高等数学
|
|
| 作者: | 吴赣昌 主编 | |
| 分册: | ||
| 出版信息: | 北京 中国人民大学出版社 2018.01 |
|
| 页数: | 381页 | |
| 开本: | 23cm | |
| 丛书名: | ||
| 单 册: | ||
| 中图分类: | R311 | |
| 科图分类: | ||
| 主题词: | 医用数学--高等数学--高等学校--教材 | |
| 电子资源: | ||
| ISBN: | 978-7-300-24737-3 | |
| 000 | 00882nam0 2200241 450 | |
| 001 | 322 | |
| 005 | 20180925103857.85 | |
| 010 | @a978-7-300-24737-3@dCNY48.00 | |
| 100 | @a20180714d2018 em y0chiy50 ea | |
| 101 | 0 | @achi |
| 102 | @aCN@b110000 | |
| 105 | @aa z 000yy | |
| 200 | 1 | @a医用高等数学@9yi yong gao deng shu xue@e医学类@f吴赣昌主编 |
| 205 | @a3版 | |
| 210 | @a北京@c中国人民大学出版社@d2018.01 | |
| 215 | @a381页@c图,照片@d23cm | |
| 300 | @a21世纪数学教育信息化精品教材 大学数学立体化教材 | |
| 330 | @a本书共分7章,依次是:第1章“函数与极限”;第2章“一元函数微分学”;第3章“一元函数积分学”;第4章“多元函数微积分”;第5章“微分方程”;第6章“概率论初步”;第7章“线性代数初步”。 | |
| 606 | 0 | @a医用数学@x高等数学@x高等学校@j教材 |
| 690 | @aR311@v5 | |
| 701 | 0 | @a吴赣昌@9wu gan chang@4主编 |
| 801 | 0 | @aCN@b91MARC@c20180714 |
| 905 | @aMuseLib@dR311@e310=3 | |
| 医用高等数学:医学类/吴赣昌主编.-3版.-北京:中国人民大学出版社,2018.01 |
| 381页:图,照片;23cm |
| 21世纪数学教育信息化精品教材 大学数学立体化教材 |
| ISBN 978-7-300-24737-3:CNY48.00 |
| 本书共分7章,依次是:第1章“函数与极限”;第2章“一元函数微分学”;第3章“一元函数积分学”;第4章“多元函数微积分”;第5章“微分方程”;第6章“概率论初步”;第7章“线性代数初步”。 |
| ● |
| 相关链接 |
|
|
|
|
正题名:医用高等数学
索取号:R311/310=3
 
预约/预借
| 序号 | 登录号 | 条形码 | 馆藏地/架位号 | 状态 | 备注 |
| 1 | 1119334 | 211193340 | 第二样本阅览室/ [索取号:R311/310=3] | 在馆 | |
| 2 | 1119335 | 211193359 | 第三借阅区/ [索取号:R311/310=3] | 在馆 | |
| 3 | 1119336 | 211193368 | 第三借阅区/ [索取号:R311/310=3] | 在馆 | |
| 4 | 1119337 | 211193377 | 第三借阅区/ [索取号:R311/310=3] | 在馆 | |
| 5 | 1119338 | 211193386 | 第三借阅区/ [索取号:R311/310=3] | 在馆 |